[Event "GER-ch Youth-C"]
[Site "Willingen"]
[Date "2022.06.07"]
[Round "4"]
[White "Lola, Ioanna Maria"]
[Black "Weidenhoefer, Ben"]
[Result "1/2-1/2"]
[WhiteElo "842"]
[BlackElo "1044"]
[PlyCount "49"]
[EventDate "2022.06.04"]
[EventType "swiss"]
[EventRounds "9"]
[EventCountry "GER"]
[SourceTitle "CBM 208 Extra"]
[Source "ChessBase"]
[SourceDate "2022.07.31"]
[SourceVersion "1"]
[SourceVersionDate "2022.07.31"]
[SourceQuality "1"]

1. d4 d5 2. Nf3 Nf6 3. Bf4 Bf5 4. Nc3 c6 5. e3 e6 6. Bd3 Bg6 7. 0-0 Bd6 8. Ne2 Bxf4 9. Nxf4 Bxd3 10. Qxd3 Ne4 11. c4 0-0 12. b3 Nd7 13. Nd2 Ndf6 14. Nxe4 Nxe4 15. f3 Nf6 16. e4 Re8 17. Rfe1 Qc7 18. e5 Nd7 19. Qc3 b6 20. a4 a5 21. b4 Nf8 22. Rec1 Qb7 23. b5 Rac8 24. c5 Ng6 25. Nxg6 1/2-1/2